Analytická geometrie pro začátečníky /

Uložené v:
Podrobná bibliografia
Hlavný autor: Šindelář, Karel, 1923- (Author)
Médium: Kniha
Jazyk:Czech
Vydané: Praha : Státní nakladatelství technické literatury, 1969.
Vydanie:1. vyd.
Edícia:Polytechnická knižnice. Řada 2. Příručky sv. 51
ISBN: (brož.)
Fyzický popis: 237 s. : obr.
Tagy: Pridať tag
Žiadne tagy, Buďte prvý kto otaguje tento záznam!

MARC

LEADER 00000cam a22000007a 4500
001 000096607
005 20090927214024.0
008 960417s1969 xr r cze d
020 |a (brož.) 
040 |a SVKKK  |b slo  |c SVKKK  |e AACR2 
041 0 |a cze 
044 |a xr  |c CZ 
100 1 |a Šindelář, Karel,  |d 1923-  |4 aut 
245 1 0 |a Analytická geometrie pro začátečníky /  |c Karel Šindelář. 
250 |a 1. vyd. 
260 |a Praha :  |b Státní nakladatelství technické literatury,  |c 1969. 
300 |a 237 s. :  |b obr. 
490 1 |a Polytechnická knižnice. Řada 2. Příručky  |v sv. 51 
504 |a Bibliografia 
830 0 |a Polytechnická knižnice. Řada 2. Příručky  |v sv. 51 
910 |a svkkk 
998 |a BK 
090 |g SCKHL  |k Sklad Pribinova 2. posch.  |a II.177444  |j 435080  |i 2720194796  |s Absenčne 
090 |g SCKHL  |k Sklad Pribinova 2. posch.  |a II.177504  |j 426841  |i 96607-20  |s Absenčne 
090 |g SCKHL  |k Sklad Pribinova 2. posch.  |a II0.13208  |j 038294  |i B163801  |s Absenčne